<?xml version="1.0" encoding="UTF-8"?>
<record
    xmlns:xsi="http://www.w3.org/2001/XMLSchema-instance"
    xsi:schemaLocation="http://www.loc.gov/MARC21/slim http://www.loc.gov/standards/marcxml/schema/MARC21slim.xsd"
    xmlns="http://www.loc.gov/MARC21/slim">

  <leader>00896    a2200217   4500</leader>
  <controlfield tag="001">133684</controlfield>
  <datafield tag="020" ind1=" " ind2=" ">
    <subfield code="a">85-00-01095-9</subfield>
  </datafield>
  <datafield tag="040" ind1=" " ind2=" ">
    <subfield code="c">Leonardo Da Vinci</subfield>
  </datafield>
  <datafield tag="041" ind1=" " ind2=" ">
    <subfield code="a">Portugu&#xEA;s</subfield>
  </datafield>
  <datafield tag="082" ind1=" " ind2=" ">
    <subfield code="a">947.084 R255d</subfield>
    <subfield code="b">R255d</subfield>
  </datafield>
  <datafield tag="100" ind1=" " ind2=" ">
    <subfield code="a">REED, John</subfield>
  </datafield>
  <datafield tag="245" ind1=" " ind2=" ">
    <subfield code="a">Dez dias que abalaram o mundo</subfield>
    <subfield code="b">hist&#xF3;ria de uma revolu&#xE7;&#xE3;o</subfield>
  </datafield>
  <datafield tag="250" ind1=" " ind2=" ">
    <subfield code="a">2.ed</subfield>
  </datafield>
  <datafield tag="260" ind1=" " ind2=" ">
    <subfield code="b">Ediouro</subfield>
    <subfield code="c">2002</subfield>
    <subfield code="a">S&#xE3;o Paulo</subfield>
  </datafield>
  <datafield tag="300" ind1=" " ind2=" ">
    <subfield code="a">535</subfield>
  </datafield>
  <datafield tag="362" ind1=" " ind2=" ">
    <subfield code="a">20020000</subfield>
  </datafield>
  <datafield tag="490" ind1=" " ind2=" ">
    <subfield code="a">Cl&#xE1;ssicos de ouro</subfield>
  </datafield>
  <datafield tag="500" ind1=" " ind2=" ">
    <subfield code="a">Denise Tavares Gon&#xE7;alves (Tradu&#xE7;&#xE3;o)</subfield>
  </datafield>
  <datafield tag="697" ind1=" " ind2=" ">
    <subfield code="a">Hist&#xF3;ria</subfield>
    <subfield code="a">Reportagens</subfield>
    <subfield code="a">Rep&#xF3;rteres</subfield>
    <subfield code="a">R&#xFA;ssia</subfield>
    <subfield code="a">Revolu&#xE7;&#xF5;es</subfield>
    <subfield code="a">Revolu&#xE7;&#xE3;o de fevereiro</subfield>
    <subfield code="a">Narrativas pessoais</subfield>
    <subfield code="a">Revolu&#xE7;&#xE3;o russa</subfield>
    <subfield code="a">Reportagem jornal&#xED;stica</subfield>
    <subfield code="a">Revolu&#xE7;&#xE3;o comunista</subfield>
    <subfield code="a">Cronologia</subfield>
    <subfield code="a">Revolu&#xE7;&#xE3;o</subfield>
    <subfield code="a">Contra-revolu&#xE7;&#xE3;o</subfield>
    <subfield code="a">Frente revolucion&#xE1;ria</subfield>
    <subfield code="a">Moscou</subfield>
    <subfield code="a">Congresso</subfield>
    <subfield code="a">Camponeses</subfield>
    <subfield code="a">Governo provis&#xF3;rio</subfield>
    <subfield code="a">Partidos revolucion&#xE1;rios</subfield>
    <subfield code="a">Lenin</subfield>
    <subfield code="a">Guerra</subfield>
    <subfield code="a">Uni&#xE3;o Sovi&#xE9;tica</subfield>
  </datafield>
  <datafield tag="942" ind1=" " ind2=" ">
    <subfield code="c">BK</subfield>
  </datafield>
  <datafield tag="952" ind1=" " ind2=" ">
    <subfield code="0">0</subfield>
    <subfield code="1">0</subfield>
    <subfield code="4">0</subfield>
    <subfield code="7">0</subfield>
    <subfield code="a">71.1</subfield>
    <subfield code="b">71.1</subfield>
    <subfield code="d">2024-03-27</subfield>
    <subfield code="l">0</subfield>
    <subfield code="o">947.084 R255d</subfield>
    <subfield code="p">O008592</subfield>
    <subfield code="r">2024-03-27 22:33:06</subfield>
    <subfield code="w">2024-03-27</subfield>
    <subfield code="y">BK</subfield>
  </datafield>
  <datafield tag="999" ind1=" " ind2=" ">
    <subfield code="c">133684</subfield>
    <subfield code="d">133684</subfield>
  </datafield>
</record>
